<?xml version="1.0" encoding="UTF-8"?>
<record
    xmlns:xsi="http://www.w3.org/2001/XMLSchema-instance"
    xsi:schemaLocation="http://www.loc.gov/MARC21/slim http://www.loc.gov/standards/marcxml/schema/MARC21slim.xsd"
    xmlns="http://www.loc.gov/MARC21/slim">

  <leader>01217nam a22002537a 4500</leader>
  <datafield tag="952" ind1=" " ind2=" ">
    <subfield code="0">0</subfield>
    <subfield code="1">0</subfield>
    <subfield code="2">lcc</subfield>
    <subfield code="4">0</subfield>
    <subfield code="7">0</subfield>
    <subfield code="a">21</subfield>
    <subfield code="b">21</subfield>
    <subfield code="d">2018-12-18</subfield>
    <subfield code="l">0</subfield>
    <subfield code="o">T353 G88 2007</subfield>
    <subfield code="p">21 003849</subfield>
    <subfield code="r">2018-12-18</subfield>
    <subfield code="t">1</subfield>
    <subfield code="w">2018-12-18</subfield>
    <subfield code="y">LB</subfield>
  </datafield>
  <datafield tag="952" ind1=" " ind2=" ">
    <subfield code="0">0</subfield>
    <subfield code="1">0</subfield>
    <subfield code="2">lcc</subfield>
    <subfield code="4">0</subfield>
    <subfield code="7">0</subfield>
    <subfield code="a">21</subfield>
    <subfield code="b">21</subfield>
    <subfield code="d">2018-12-18</subfield>
    <subfield code="l">0</subfield>
    <subfield code="o">T353 G88 2007</subfield>
    <subfield code="p">21 003850</subfield>
    <subfield code="r">2018-12-18</subfield>
    <subfield code="t">2</subfield>
    <subfield code="w">2018-12-18</subfield>
    <subfield code="y">LB</subfield>
  </datafield>
  <datafield tag="999" ind1=" " ind2=" ">
    <subfield code="c">103704</subfield>
    <subfield code="d">103704</subfield>
  </datafield>
  <controlfield tag="008">181218s2007    mx de||| |||| 00| 0 spa d</controlfield>
  <datafield tag="020" ind1=" " ind2=" ">
    <subfield code="a">9789682480195</subfield>
  </datafield>
  <datafield tag="050" ind1=" " ind2=" ">
    <subfield code="a">T353</subfield>
    <subfield code="b">G88 2007</subfield>
  </datafield>
  <datafield tag="100" ind1=" " ind2=" ">
    <subfield code="a">Guti&#xE9;rrez Ariza, Alfonso</subfield>
    <subfield code="e">autor</subfield>
  </datafield>
  <datafield tag="245" ind1=" " ind2=" ">
    <subfield code="a">Antecedentes de dibujo t&#xE9;cnico</subfield>
    <subfield code="b">: geometr&#xED;a plana</subfield>
    <subfield code="c">/ Alfonso Guti&#xE9;rre Ariza</subfield>
  </datafield>
  <datafield tag="250" ind1=" " ind2=" ">
    <subfield code="a">2a edici&#xF3;n</subfield>
  </datafield>
  <datafield tag="260" ind1=" " ind2=" ">
    <subfield code="a">M&#xE9;xico</subfield>
    <subfield code="b">: Trillas</subfield>
    <subfield code="c">, 2007</subfield>
  </datafield>
  <datafield tag="300" ind1=" " ind2=" ">
    <subfield code="a">86 p&#xE1;ginas</subfield>
    <subfield code="b">: planos</subfield>
    <subfield code="c">; 23 cm.</subfield>
  </datafield>
  <datafield tag="500" ind1=" " ind2=" ">
    <subfield code="a">T&#xED;tulo anterior: Antecedentes de dibujo.</subfield>
  </datafield>
  <datafield tag="500" ind1=" " ind2=" ">
    <subfield code="a">Incluye: bibliograf&#xED;a b&#xE1;sica (pp.86)</subfield>
  </datafield>
  <datafield tag="505" ind1=" " ind2=" ">
    <subfield code="a">Geometr&#xED;a plana
Conceptos b&#xE1;sicos
&#xC1;ngulos en el plano
Tri&#xE1;ngulos en el plano
Cuadril&#xE1;teros en el plano
Pol&#xED;gonos regulares en el plano
Circunferencia 
S&#xF3;lidos
Lugares geom&#xE9;tricos en el plano
Simetr&#xED;a en el plano
Trigonometr&#xED;a
Curvas planas no circulares</subfield>
  </datafield>
  <datafield tag="519" ind1=" " ind2=" ">
    <subfield code="a">Plan UNAM /</subfield>
    <subfield code="b">Colegio de Ciencias y Humanidades /</subfield>
    <subfield code="c">Expresi&#xF3;n gr&#xE1;fica I (1523) /</subfield>
    <subfield code="d">(21 003849, 21 003850)</subfield>
  </datafield>
  <datafield tag="650" ind1=" " ind2="0">
    <subfield code="a">DIBUJO T&#xC9;CNICO</subfield>
  </datafield>
  <datafield tag="650" ind1=" " ind2="0">
    <subfield code="a">GEOMETR&#xCD;A PLANA </subfield>
  </datafield>
  <datafield tag="700" ind1=" " ind2=" ">
    <subfield code="a">Guti&#xE9;rez Guerra, Arturo</subfield>
    <subfield code="e">autor</subfield>
  </datafield>
  <datafield tag="700" ind1=" " ind2=" ">
    <subfield code="a">Aguilar Cuevas, Arturo</subfield>
    <subfield code="e">autor</subfield>
  </datafield>
  <datafield tag="942" ind1=" " ind2=" ">
    <subfield code="2">lcc</subfield>
    <subfield code="c">LB</subfield>
  </datafield>
</record>
